000 00975nam a22003017a 4500
001 BR2011004375
003 BR-BrBNA
005 20230928103736.0
007 ta
008 230509b bl.||||| |||| 00| 0 por d
040 _aBR-BrBNA
_bpor
_cBiblioteca Nacional de Agricultura
041 _a(Por)
072 _aP01
090 _ P01 BR2011004375
110 1 _aEmpresa Brasileira de Pesquisa Agropecuária, Brasília, DF (Brasil)
110 1 _aConfederação da Agricultura e Pecuária do Brasil, Brasília, DF (Brasil)
_92548
245 1 _aProteção e uso sustentável de paisagens dos biomas brasileiros
_bProjeto Biomas: caderno CNA
260 3 _aBrasília, DF (Brasil):
_c2009.
300 _a29 p.
500 _a20 illus.; 3 tables
650 _aPROTEÇÃO AMBIENTAL
650 _aPROJETO DE DESENVOLVIMENTO
650 _aTRANSFERÊNCIA DE TECNOLOGIA
650 _aGESTÃO
650 _aSELEÇÃO
909 _a202309
_bLucia
_c55
_dLucia Elande
942 _cBK
999 _c76416
_d76416